000 00239nam a2200097Ia 4500
008 240625s9999 xx 000 0 und d
041 _aeng
082 _a808.20 DUB
100 _aDUBEY UTSAV
245 _aCOMPARATIVE ANALYSIS OF TRADE AND FOREX
999 _c37465
_d37465